Southville International School and Colleges
Your cart is empty.
  • Cart
  • Lists
    Public lists Eva Luna New books Lux_list list_1
    Your lists Log in to create your own lists
  • Log in to your account
  • Your cookies
  • Search history
Southville International School and Colleges
  • Advanced search
  • Recent comments
  • Most popular
  • Libraries

Log in to your account

Log in with GOOGLE


If you do not have an external account, but do have a local account, you can still log in:

  1. Home
  2. MARC view: Auditing and accounting cases :
Normal view MARC view ISBD view

Auditing and accounting cases : (Record no. 275979)

[ view plain ]
MARC details
000 -LEADER
fixed length control field 01103nam a2200277 a 4500
001 - CONTROL NUMBER
control field SSB002844
005 - DATE AND TIME OF LATEST TRANSACTION
control field 20141001093300.0
008 - FIXED-LENGTH DATA ELEMENTS--GENERAL INFORMATION
fixed length control field
020 ## - INTERNATIONAL STANDARD BOOK NUMBER
International Standard Book Number 9781259010880 (pbk.)
050 00 - LIBRARY OF CONGRESS CALL NUMBER
Classification number HF 5686.C7
Item number .T346a 2014
100 1# - MAIN ENTRY--PERSONAL NAME
Personal name Thibodeau, Jay C.
245 10 - TITLE STATEMENT
Title Auditing and accounting cases :
Remainder of title investigating issues of fraud and professional ethics /
Statement of responsibility, etc Dr. Jay C. Thibodeau and Deborah Freier.
250 ## - EDITION STATEMENT
Edition statement 4th edition.
260 ## - PUBLICATION, DISTRIBUTION, ETC. (IMPRINT)
Place of publication, distribution, etc Singapore :
Name of publisher, distributor, etc McGraw-Hill Education,
Date of publication, distribution, etc c2014.
263 ## - PROJECTED PUBLICATION DATE
Projected publication date 1303.
300 ## - PHYSICAL DESCRIPTION
Extent xv, 272 pages ;
Dimensions 23 cm.
500 ## - GENERAL NOTE
General note Revision of the authors' Auditing after Sarbanes-Oxley.
521 ## - TARGET AUDIENCE NOTE
Target audience note Accountancy
610 10 - SUBJECT ADDED ENTRY--CORPORATE NAME
Corporate name or jurisdiction name as entry element United States.
Title of a work Sarbanes-Oxley Act of 2002.
650 #0 - SUBJECT ADDED ENTRY--TOPICAL TERM
Topical term or geographic name as entry element Corporations
General subdivision Accounting
-- Corrupt practices
Geographic subdivision United States
Form subdivision Case studies.
650 #0 - SUBJECT ADDED ENTRY--TOPICAL TERM
Topical term or geographic name as entry element Corporations
Geographic subdivision United States
General subdivision Auditing
Form subdivision Case studies.
650 #0 - SUBJECT ADDED ENTRY--TOPICAL TERM
Topical term or geographic name as entry element Corporations
General subdivision Moral and ethical aspects
Geographic subdivision United States
Form subdivision Case studies.
650 #0 - SUBJECT ADDED ENTRY--TOPICAL TERM
Topical term or geographic name as entry element Professional ethics
Geographic subdivision United States
Form subdivision Case studies.
700 1# - ADDED ENTRY--PERSONAL NAME
Personal name Freier, Deborah.
942 ## - ADDED ENTRY ELEMENTS (KOHA)
Source of classification or shelving scheme Library of Congress Classification
Koha item type Books
Call number prefix Foreign
Holdings
Withdrawn status Lost status Source of classification or shelving scheme Damaged status Home library Current library Shelving location Date acquired Source of acquisition Total Checkouts Full call number Barcode Date last seen Price effective from Koha item type
    Library of Congress Classification   College Library College Library Reserve Section 10/01/2014 Library Fund   HF 5686.C7 .T346a 2014 C18788 05/15/2018 10/01/2014 Books

Auditing and accounting cases :

APA

Thibodeau J. C., Freier D., . (2014). Auditing and accounting cases. Singapore: McGraw-Hill Education.

Chicago

Thibodeau Jay C, Freier Deborah, . 2014. Auditing and accounting cases. Singapore: McGraw-Hill Education.

Harvard

Thibodeau J. C., Freier D., . (2014). Auditing and accounting cases. Singapore: McGraw-Hill Education.

MLA

Thibodeau Jay C, Freier Deborah, . Auditing and accounting cases. Singapore: McGraw-Hill Education. 2014.

  • Place hold
  • Print
  • Cite
  • Add to your cart (remove)
  • Save record
    BIBTEX Dublin Core MARCXML MARC (non-Unicode/MARC-8) MARC (Unicode/UTF-8) MARC (Unicode/UTF-8, Standard) MODS (XML) RIS
  • More searches
    Search for this title in:
    Other Libraries (WorldCat) Other Databases (Google Scholar) Online Stores (Bookfinder.com) Open Library (openlibrary.org)

Exporting to Dublin Core...

SOUTHVILLE LIBRARY

Southville International School and Colleges Library

1281 Tropical Ave. Cor. Luxembourg St., BF Homes International, Las Pinas City

Tel. No. 8256374 / 252358 Loc. 117/146

Powered by Koha